Mass communication theory : an introduction
e first edition of this classic work established itself as the finest introduction to the study of mass communication theory available. It has received unanimous critical acclaim throughout the world
Tallennettuna:
| Aineistotyyppi: | Kirja |
|---|---|
| Kieli: | Undetermined |
| Julkaistu: |
London,Newbury Park
Sage Publications
1987
|
| Aiheet: | |
| Tagit: |
Lisää tagi
Ei tageja, Lisää ensimmäinen tagi!
|
| Thư viện lưu trữ: | Trung tâm Học liệu Trường Đại học Cần Thơ |
|---|
| LEADER | 00748nam a2200205Ia 4500 | ||
|---|---|---|---|
| 001 | CTU_162201 | ||
| 008 | 210402s9999 xx 000 0 und d | ||
| 020 | |c 10 | ||
| 082 | |a 302.2301 | ||
| 082 | |b M113 | ||
| 245 | 0 | |a Mass communication theory : | |
| 245 | 3 | |b an introduction | |
| 245 | 0 | |c Denis McQuai | |
| 260 | |a London,Newbury Park | ||
| 260 | |b Sage Publications | ||
| 260 | |c 1987 | ||
| 520 | |a e first edition of this classic work established itself as the finest introduction to the study of mass communication theory available. It has received unanimous critical acclaim throughout the world | ||
| 650 | |a Mass media,Truyền thông đại chúng | ||
| 904 | |i Nguyên | ||
| 980 | |a Trung tâm Học liệu Trường Đại học Cần Thơ | ||